Идеи скейлинга в физике полимеров: пер. с англ.

Dettagli Bibliografici
Autore principale: Жен П.-Ж. Пьер-Жиль де
Lingua:russo
Pubblicazione: Москва, Мир, 1982
Soggetti:
Natura: MixedMaterials Libro
KOHA link:https://koha.lib.tpu.ru/cgi-bin/koha/opac-detail.pl?biblionumber=299078

MARC

LEADER 00000nam0a2200000 4500
001 299078
005 20231102001152.0
035 |a (RuTPU)RU\TPU\book\324230 
090 |a 299078 
100 |a 20150624d1982 k y0rusy50 ca 
101 1 |a rus  |c eng 
102 |a RU 
105 |a a z 001zy 
200 1 |a Идеи скейлинга в физике полимеров  |e пер. с англ.  |f П.-Ж. Жен 
210 |a Москва  |c Мир  |d 1982 
215 |a 368 с.  |c ил. 
320 |a Библиография в конце глав 
320 |a Предметный указатель: с. 357-360 
606 |a Полимеры  |x Физико-химические свойства  |2 stltpush  |3 (RuTPU)RU\TPU\subj\50317  |9 69020 
610 1 |a строение 
610 1 |a скейлинг 
610 1 |a изучение 
610 1 |a статистические методы 
675 |a 678.01:54  |v 4 
700 1 |a Жен  |b П.-Ж.  |g Пьер-Жиль де 
801 1 |a RU  |b 63413507  |c 20150624 
801 2 |a RU  |b 63413507  |c 20171219  |g RCR 
942 |c BK